Normal view
MARC view
- Bindra,S.P
Entry Personal Name
001 - CONTROL NUMBER
- control field: 630
003 - CONTROL NUMBER IDENTIFIER
- control field: OSt
005 - DATE AND TIME OF LATEST TRANSACTION
- control field: 20160627153441.0
008 - FIXED-LENGTH DATA ELEMENTS
- fixed length control field: 160627|| aca||aabn | a|a d
040 ## - CATALOGING SOURCE
- Original cataloging agency: OSt
- Transcribing agency: OSt
100 ## - HEADING--PERSONAL NAME
- Personal name: Bindra,S.P
670 ## - SOURCE DATA FOUND
- Source citation: Work cat.: (OSt): Arora,S.P 629, The text book of Building Construction, 2011
